000 00539cam a22001932a 4500
001 016835
003 AR-FADEU
008 311216n2003####xxu####################dd
092 _a305.8
_bH557
100 _aHernández, Isabel
245 _aAutonomía o ciudadanía incompleta : el pueblo mapuche en Chile y Argentina
260 _aSantiago
260 _bPehuén
260 _c2003
300 _a383 p
500 _aIncluye bibliografía. App: p.281-332
650 _aPUEBLOS ORIGINARIOS-AMERICA; MAPUCHE-DERECHOS
942 _cBDGR
999 _c22587
_d22587